[Event "Portsmouth, 9th NATO"]
[Site "?"]
[Date "1998.??.??"]
[Round "?"]
[White "Brameld, Arthur F"]
[Black "Steffers, Henrik"]
[Result "1/2-1/2"]
[Annotator "Hiarcs 6.0 (30s)"]
[WhiteElo "2115"]
[BlackElo "1860"]
[PlyCount "30"]
[EventDate "1998.??.??"]
[EventType "simul"]
[EventRounds "7"]

1. e4 c5 2. Nf3 e6 3. b3 d5 4. exd5 exd5 5. d4 Nf6 6. Bb2 Be7 7. Be2 O-O 8. O-O Nc6 9. dxc5 Bxc5 10. Nc3 Be6 11. Nb5 Rc8 12. Nbd4 Ne4 13. Nxc6 {out of book} Rxc6 (13... bxc6 14. Qe1 $11) 14. Ne5 $15 (14. Nd4 $5 Qh4 15. g3 $11) 14... Rc8 15. Bf3 Qb6 $15 1/2-1/2

[Event "Portsmouth, 9th NATO"]
[Site "?"]
[Date "1998.??.??"]
[Round "?"]
[White "De Cat, Ben"]
[Black "Brameld, Arthur F"]
[Result "1/2-1/2"]
[Annotator "Hiarcs 6.0 (30s)"]
[WhiteElo "2075"]
[BlackElo "2115"]
[PlyCount "36"]
[EventDate "1998.??.??"]
[EventType "simul"]
[EventRounds "7"]

1. g4 e6 2. d4 c5 3. c3 Nc6 4. Bf4 $17 (4. Nf3 $5 $11) 4... cxd4 5. cxd4 Qb6 6. e3 $19 Qxb2 7. Nd2 Bb4 {7....Nb4!?} 8. Ngf3 Nf6 9. Rb1 $19 (9. Qc1 $5 Qxc1+ 10. Rxc1 $17) 9... Qa3 $17 (9... Qxa2 $5 10. Bh3 $19) 10. Bc4 Ne4 11. Qc2 Qc3 {11....d5!?} 12. Qxc3 Bxc3 13. Bd3 Nxd2 14. Nxd2 Ke7 $11 (14... h5 15. gxh5 Nb4 $15) 15. Ke2 Bxd2 16. Kxd2 f6 $11 (16... d6 17. Bg3 $15) 17. h4 (17. g5 d5 $11) 17... d5 18. g5 e5 1/2-1/2

[Event "Portsmouth, 9th NATO"]
[Site "?"]
[Date "1998.??.??"]
[Round "?"]
[White "Brameld, Arthur F"]
[Black "Nielsen, K."]
[Result "1-0"]
[Annotator "Hiarcs 6.0 (30s)"]
[WhiteElo "2115"]
[BlackElo "1925"]
[PlyCount "45"]
[EventDate "1998.??.??"]
[EventType "simul"]
[EventRounds "7"]

1. e4 c6 2. d4 d5 3. f3 dxe4 4. fxe4 e5 5. Nf3 Bg4 6. Bc4 Qe7 7. O-O Nd7 8. c3 {out of book} Nb6 $4 $18 (8... Ngf6 $142 $11) 9. Bb3 $2 $14 (9. Bxf7+ $142 Kd8 10. Bxg8 Rxg8 11. Qb3 $18) 9... O-O-O $16 (9... exd4 10. cxd4 O-O-O 11. Nc3 $16) 10. Qe1 $14 (10. Qd3 Nf6 11. Bg5 h6 12. Bxf6 Qxf6 $14) 10... Bxf3 11. Rxf3 Nf6 12. Bg5 $14 (12. Be3 exd4 13. Bxd4 c5 14. Bxf6 gxf6 $14) 12... h6 $16 (12... exd4 13. Qh4 d3 14. Nd2 $14) 13. Bh4 g5 14. dxe5 $11 (14. Bg3 $5 exd4 15. cxd4 $14) 14... gxh4 $2 $16 (14... Qxe5 $142 $5 {and Black has air to breath} 15. Bg3 Bc5+ 16. Kh1 Qe7 $11) 15. exf6 Qc5+ 16. Kh1 $1 Rd7 $18 (16... Nc4 $5 17. Bxc4 {17.Rf5 (AFB)} Qxc4 $16) 17. Na3 Qg5 18. Rf5 Qd2 (18... Qg6 19. Qxh4 Bxa3 20. bxa3 Rd3 $18) 19. Qxd2 Rxd2 20. Bxf7 Rxb2 21. Nc4 Nxc4 22. Bxc4 h3 23. gxh3 (23. gxh3 Rc2 24. Be6+ Kc7 25. Rd1 $18) 1-0

[Event "Portsmouth, 9th NATO"]
[Site "?"]
[Date "1998.??.??"]
[Round "?"]
[White "Koopmeiners, Karl"]
[Black "Brameld, Arthur F"]
[Result "0-1"]
[Annotator "Hiarcs 6.0 (30s)"]
[WhiteElo "1910"]
[BlackElo "2115"]
[PlyCount "48"]
[EventDate "1998.??.??"]
[EventType "simul"]
[EventRounds "7"]

1. d4 Nf6 2. c4 c5 3. d5 e6 4. Nc3 exd5 5. cxd5 g6 6. e4 d6 7. Nf3 Bg7 8. Be2 O-O 9. O-O Re8 10. Nd2 a6 11. a4 Qe7 12. Qc2 Nbd7 13. f3 {out of book} Nh5 14. Nc4 Rb8 15. a5 $11 (15. g4 Nhf6 $14) 15... b5 16. axb6 Nxb6 17. Bd2 $11 (17. g4 $5 Nxc4 18. Bxc4 Bd4+ 19. Kh1 $14) 17... Nxc4 18. Bxc4 Bd4+ 19. Kh1 Qe5 $14 (19... Qh4 20. Be1 Qf6 21. Ra2 $11) 20. Be1 $11 (20. g4 Nf4 $14) 20... f5 21. g3 $17 (21. f4 Nxf4 22. Bd2 $17) 21... fxe4 22. fxe4 Bh3 23. Rxa6 $19 (23. Rf3 $142 $5 Bg4 24. Rf1 $17) 23... Rb4 24. b3 $2 (24. Bd3 $142 Reb8 25. Nd1 Bxf1 26. Bxf1 $19) 24... Rxc4 $1 0-1

[Event "Portsmouth, 9th NATO"]
[Site "?"]
[Date "1998.??.??"]
[Round "?"]
[White "Brameld, Arthur F"]
[Black "Wantiez, Fabrice"]
[Result "0-1"]
[Annotator "Hiarcs 6.0 (30s)"]
[WhiteElo "2115"]
[BlackElo "2295"]
[PlyCount "60"]
[EventDate "1998.??.??"]
[EventType "simul"]
[EventRounds "7"]

1. d4 Nf6 2. c4 g6 3. g3 c6 4. Bg2 d5 5. cxd5 cxd5 6. Nc3 Bg7 7. Nf3 O-O 8. O-O Ne4 9. Qb3 Nc6 10. Rd1 Na5 11. Qa4 {out of book} Bf5 $11 (11... Nxc3 12. bxc3 Bg4 13. Bf4 $11) 12. Nxe4 Bxe4 13. b3 Rc8 14. Ba3 Nc6 15. Rac1 Qd7 16. e3 h5 17. h4 $15 (17. Qb5 $5 $11) 17... Qf5 18. Ne1 Bxg2 19. Kxg2 g5 $14 (19... Qe4+ $142 $5 20. Kg1 Rb8 $11) 20. hxg5 f6 21. g6 h4 $16 (21... Qxg6 22. Qb5 Qe4+ 23. f3 Qxe3 24. Qxd5+ Rf7 25. Qe4 Qxe4 26. fxe4 $16) 22. gxh4 Qg4+ 23. Kf1 Qxh4 $18 (23... a6 $142 $5 $16) 24. Qb5 Qh3+ 25. Ke2 Qd7 26. Nf3 f5 27. Bxe7 $4 $17 (27. Rc5 $142 a6 28. Qd3 $18) 27... a6 28. Qd3 $19 (28. Qb6 $142 $5 Nxe7 29. Ne5 Bxe5 30. dxe5 $19) 28... Nxe7 29. Rxc8 Rxc8 30. Rg1 Rc6 (30... Rc6 31. Nh4 Qe6 $19) (30... Qe6 $5 31. Ng5 Qxg6 32. a3 $19) 0-1

[Event "Portsmouth, 9th NATO"]
[Site "?"]
[Date "1998.??.??"]
[Round "?"]
[White "Brameld, Arthur F"]
[Black "Hamann, Carsten"]
[Result "0-1"]
[Annotator "Hiarcs 6.0 (30s)"]
[WhiteElo "2115"]
[BlackElo "2145"]
[PlyCount "60"]
[EventDate "1998.??.??"]
[EventType "simul"]
[EventRounds "7"]

1. e4 Nf6 2. e5 Nd5 3. d4 d6 4. Nf3 dxe5 5. Nxe5 Nd7 6. c4 Nxe5 {out of book} 7. dxe5 Nb4 8. Qxd8+ Kxd8 9. Na3 Bf5 10. Be2 e6 11. Bg5+ $6 $11 (11. Be3 Kc8 $14) 11... Be7 12. Bxe7+ $2 (12. Be3 Kc8 $11) 12... Kxe7 13. O-O Rhd8 14. Rfd1 Rxd1+ 15. Rxd1 Rd8 $11 (15... Nxa2 $5 16. Nb5 a6 $17) 16. g4 $2 $17 (16. Rxd8 $142 $5 Kxd8 17. Nb5 $11) 16... Be4 $15 (16... Rxd1+ $142 $5 17. Bxd1 Bd3 $17) 17. Nb5 $17 (17. Rxd8 Kxd8 18. Nb5 Nxa2 19. Nxa7 $17) 17... Rxd1+ $15 (17... Bd3 $5 18. Bxd3 Nxd3 19. Nxc7 Nxb2 $19) 18. Bxd1 Nxa2 19. Nxa7 Kd7 20. Nb5 Nb4 21. Nc3 {21.Nd4!?} Bd3 22. b3 g5 23. Bf3 b6 24. Ne4 Bxe4 25. Bxe4 h6 (25... Nc6 $142 $5 $15) 26. Kf1 Nc6 27. Bxc6+ Kxc6 28. Ke2 Kc5 29. Kd3 Kb4 30. Kc2 b5 (30... b5 31. cxb5 Kxb5 $19) 0-1

[Event "Ward Higgs Trophy"]
[Site "BCF Corr."]
[Date "1998.??.??"]
[Round "?"]
[White "Brameld, Arthur F"]
[Black "Dommett, Alan J"]
[Result "1/2-1/2"]
[WhiteElo "2115"]
[BlackElo "1850"]
[PlyCount "63"]
[EventDate "1998.??.??"]
[EventType "game"]

1. d4 Nf6 2. c4 e5 3. dxe5 Ne4 4. a3 d6 5. Nf3 Bf5 6. Nbd2 dxe5 7. Nxe4 Qxd1+ 8. Kxd1 Bxe4 9. Nxe5 Bd6 10. Nd3 Nc6 11. b4 O-O-O 12. Ra2 a5 13. Bd2 axb4 14. axb4 Bxd3 15. exd3 Bxb4 16. Be2 Bxd2 17. Kxd2 Nd4 18. Rb1 Rhe8 19. Bd1 b6 20. Ra7 Nc6 21. Bg4+ Kb8 22. Ra4 Nd4 23. c5 Kb7 24. Rab4 f5 25. Bd1 Re6 26. Kc3 Nc6 27. Bf3 Kc8 28. Ra4 bxc5 29. Rb5 Red6 30. Rxc5 Nd4 31. Ba8 g5 32. Ra7 1/2-1/2

[Event "4NCL"]
[Site "?"]
[Date "1998.??.??"]
[Round "?"]
[White "Hunt, Harriet"]
[Black "Brameld, Arthur F"]
[Result "1-0"]
[Annotator "Hiarcs 6.0 (30s)"]
[WhiteElo "2400"]
[BlackElo "2115"]
[PlyCount "73"]
[EventDate "1998.??.??"]
[EventType "swiss"]

1. e4 Nf6 2. e5 Nd5 3. d4 d6 4. c4 Nb6 5. exd6 cxd6 6. Nc3 g6 7. Be3 Bg7 8. Rc1 O-O 9. b3 Nc6 10. d5 Ne5 11. Be2 f5 12. Nh3 {out of book} a5 13. O-O Nbd7 14. Na4 b6 15. Ng5 Nc5 16. f4 Nf7 17. Ne6 Bxe6 18. dxe6 Nh6 (18... Nxe6 19. Bxb6 Qb8 20. Be3 Rd8 21. Bf3 Ra6 22. Re1 Nc5 23. Nc3 $14) 19. Bf3 Rb8 20. Kh1 $14 (20. Nxc5 bxc5 21. Qe2 Qe8 $14) 20... Kh8 (20... Nxa4 $5 {should be investigated more closely} 21. bxa4 Qc8 $14) 21. Bd5 $14 (21. Nxc5 $5 dxc5 22. Qd7 $16) 21... Ng4 22. Bg1 Rg8 23. Nc3 Qc8 24. Nb5 Bf6 (24... Nf6 25. Qe2 $16) 25. Nd4 Qf8 26. Rc3 Qg7 27. Rh3 Rgf8 28. a3 a4 $18 (28... Kg8 $142 $5 $16) 29. b4 Nb3 30. Nxb3 axb3 31. Rxb3 Rfc8 32. Qd3 Qh6 33. h3 Bg7 34. a4 Rc7 (34... Nf6 35. Rf3 $18) 35. a5 bxa5 36. bxa5 Rbc8 (36... Rg8 37. a6 Nf6 38. a7 Nxd5 39. Qxd5 $18) 37. a6 (37. a6 Be5 38. Bb6 Bxf4 39. Bxc7 Rxc7 40. Qd4+ Be5 41. Qg1 $18) 1-0

[Event "4NCL"]
[Site "?"]
[Date "1998.??.??"]
[Round "?"]
[White "Brameld, Arthur F"]
[Black "Longson, Alex"]
[Result "0-1"]
[Annotator "FRITZ 5"]
[WhiteElo "2115"]
[BlackElo "2135"]
[PlyCount "102"]
[EventDate "1998.??.??"]
[EventType "swiss"]

1. e4 c5 2. Nf3 d6 3. d4 cxd4 4. Qxd4 Nc6 5. Bb5 Bd7 6. Bxc6 Bxc6 7. Nc3 Nf6 8. Bg5 e6 9. O-O-O Be7 10. Rhe1 O-O 11. e5 dxe5 12. Qh4 Qc7 13. Nxe5 Rfd8 14. Ng4 Nxg4 15. Bxe7 Rxd1+ 16. Rxd1 Ne5 17. Bd6 Ng6 18. Qg3 Qa5 19. Bc7 {out of book} Qf5 20. Bb8 h6 21. Bxa7 Qf4+ (21... b5 22. Rd6 Bxg2 23. Be3 $15) (21... Bxg2 22. Qxg2 Rxa7 23. a3 $11) 22. Be3 Qxg3 23. hxg3 {Draw offered} Bxg2 24. a4 Bc6 25. b3 Ne5 26. Kb2 g5 27. Nb5 $6 Ng4 28. Bc5 Kh7 29. Na7 $6 Bg2 {Black gets the initiative} 30. Rd7 $6 Kg6 31. Nb5 h5 32. Rd2 $2 $17 (32. Nd6 $142 $5 h4 {32....Ne5!? (AFB)} 33. gxh4 (33. Nxb7 $2 h3 $19) 33... gxh4 34. Nxf7 $15) 32... h4 33. gxh4 gxh4 34. f3 $19 (34. Rd4 $5 Kh5 35. f3 $19) 34... Bxf3 35. Nd4 Be4 36. Ne2 e5 37. Ng1 f5 38. Nh3 f4 39. Be7 $2 Kf5 40. Bc5 Bc6 41. Bb6 e4 42. Rd8 Rxd8 43. Bxd8 e3 44. Bxh4 f3 45. Kc3 f2 46. Nxf2 exf2 (46... Nxf2 $6 47. Kd4 Kf4 48. a5 $19) 47. Bxf2 Nxf2 48. Kd4 Ke6 (48... b6 {and Black can already relax} 49. Ke3 Ne4 50. Kd4 $19) 49. a5 Kd6 50. c4 Bg2 51. b4 Ne4 (51... Ne4 52. b5 Nc5 $19) 0-1

[Event "Ports Lge"]
[Site "?"]
[Date "1998.??.??"]
[Round "?"]
[White "Brameld, Arthur F"]
[Black "Emerson, William"]
[Result "1-0"]
[WhiteElo "2115"]
[BlackElo "1905"]
[PlyCount "35"]
[EventDate "1998.??.??"]
[EventType "game"]

1. e4 c5 2. Nf3 d6 3. d4 cxd4 4. Qxd4 Nc6 5. Bb5 Bd7 6. Bxc6 Bxc6 7. Nc3 Nf6 8. Bg5 e6 9. O-O-O Be7 10. Rhe1 e5 11. Qd3 Qb6 12. Nh4 O-O-O 13. Nf5 Qc7 14. Qc4 g6 15. Nxe7+ Qxe7 16. Nd5 Nxd5 17. Bxe7 Nxe7 18. Qxf7 1-0

[Event "Ports Lge"]
[Site "?"]
[Date "1998.??.??"]
[Round "?"]
[White "Brameld, Arthur F"]
[Black "Tunks, Dominic R"]
[Result "1-0"]
[WhiteElo "2115"]
[BlackElo "2050"]
[PlyCount "57"]
[EventDate "1998.??.??"]
[EventType "game"]

1. e4 d6 2. d4 Nf6 3. Nc3 c6 4. f4 Bg4 5. Nf3 e6 6. h3 Bxf3 7. Qxf3 d5 8. e5 Nfd7 9. Be3 g6 10. a3 h5 11. Bd3 Bg7 12. O-O Qe7 13. Rf2 Na6 14. Raf1 Nc7 15. g3 a6 16. Rg2 c5 17. dxc5 Nxc5 18. Be2 Rc8 19. Qf2 Nd7 20. Bd3 Bf8 21. Bd4 Nb8 22. g4 hxg4 23. hxg4 Nc6 24. Bb6 Na8 25. Be3 Qd8 26. f5 gxf5 27. gxf5 Nxe5 28. fxe6 fxe6 29. Bd4 {1 : 0, Time.} 1-0

[Event "Soton Lge"]
[Site "?"]
[Date "1999.??.??"]
[Round "?"]
[White "Cartridge, Stephen"]
[Black "Brameld, Arthur F"]
[Result "1/2-1/2"]
[Annotator "A F BRAMELD"]
[WhiteElo "1860"]
[BlackElo "2115"]
[PlyCount "50"]
[EventDate "1999.??.??"]

1. e4 Nf6 {Opening = B02 - 1...f6(2.e5 d5 3.---)} 2. Nc3 d5 3. exd5 Nxd5 4. Nf3 Bg4 5. d3 {out of book} Nc6 6. Be2 e6 {Prevents intrusion on d5} 7. Nxd5 Qxd5 8. Be3 Rd8 9. a3 {Controls b4} Be7 10. h3 Bh5 11. O-O O-O 12. Nd2 Bxe2 13. Qxe2 Bf6 14. Rab1 Bd4 15. Ne4 f5 16. Nc3 Bxc3 17. bxc3 {Consolidates b4+d4} f4 18. Rxb7 $17 (18. Bc1 f3 19. Qe3 fxg2 $15) 18... f3 (18... fxe3 19. Qxe3 Rf7 $17) 19. gxf3 Ne5 20. Rfb1 (20. Rxc7 $4 {the pawn must be left alone, otherwise White will be punished} Nxf3+ 21. Qxf3 Rxf3 $19) (20. Rxa7 $4 {taking the pawn will bring White grief} Nxf3+ 21. Qxf3 Rxf3 $19) 20... Nxf3+ 21. Kf1 Qf5 $11 (21... Rf6 22. Rb8 Rxb8 23. Rxb8+ Kf7 $19) (21... Nd4 22. Qg4 Qh1+ 23. Qg1 Qxh3+ 24. Qg2 Qxe3 25. cxd4 Rd7 $15) 22. Qd1 Qxh3+ $14 (22... Nd2+ 23. Qxd2 Qxh3+ 24. Kg1 Qg4+ 25. Kf1 Qh3+ 26. Ke1 Qh1+ 27. Ke2 Qf3+ 28. Kf1 Qh1+ 29. Ke2 Qf3+ 30. Kf1 Qh1+ 31. Ke2 $11) 23. Ke2 Qh5 24. Rxc7 Ng5+ (24... Rc8 25. Rbb7 Rxc7 26. Rxc7 Nd4+ 27. Kd2 Nf3+ 28. Ke2 Nd4+ 29. Ke1 Nf3+ 30. Kf1 Nh2+ 31. Ke1 Nf3+ 32. Kf1 Nh2+ 33. Ke1 Nf3+ $11) 25. Kd2 Ne4+ 1/2-1/2

[Event "Ports Lge"]
[Site "?"]
[Date "1999.??.??"]
[Round "?"]
[White "Brameld, Arthur F"]
[Black "Fysh Foskett, Adam"]
[Result "1-0"]
[WhiteElo "2115"]
[BlackElo "2072"]
[PlyCount "63"]
[EventDate "1999.??.??"]

1. e4 e5 2. f4 exf4 3. Bc4 d6 4. Nc3 Nc6 5. Nf3 Ne5 6. Bb3 Nf6 7. d4 Nxf3+ 8. Qxf3 Be7 9. Qxf4 O-O 10. Bd2 Be6 11. O-O-O Bxb3 12. axb3 c6 13. g4 Nd7 14. h4 c5 15. dxc5 Nxc5 16. Nd5 Bf6 17. Rdf1 Be5 18. Qf5 Qd7 19. Re1 Rae8 20. b4 Qxf5 21. exf5 Nd7 22. Be3 Nf6 23. Nxf6+ Bxf6 24. g5 Be5 25. Bxa7 Ra8 26. Be3 Ra1+ 27. Kd2 Rxe1 28. Rxe1 Re8 29. Kd3 Bg3 30. Rh1 d5 31. Rh3 Be1 32. Bc5 {Sealed move.} 1-0

[Event "Deloitte Touche Open"]
[Site "Jersey"]
[Date "1999.??.??"]
[Round "2"]
[White "Ward, Chris"]
[Black "Brameld, Arthur F"]
[Result "1-0"]
[WhiteElo "2482"]
[BlackElo "2115"]
[PlyCount "59"]
[EventDate "1999.??.??"]

1. d4 Nc6 2. Nf3 d5 3. Bf4 Bf5 4. e3 e6 5. a3 Bd6 6. Bg3 Nf6 7. c4 O-O 8. Nc3 Ne4 9. Rc1 dxc4 10. Bxc4 a6 11. Bd3 Nxc3 12. Rxc3 Bg6 13. O-O Rc8 14. Bxg6 hxg6 15. Qb3 Na5 16. Qc2 Nc6 17. Qe4 Bxg3 18. hxg3 Qd5 19. Qc2 Rfd8 20. Rc5 Qd6 21. Rc1 Qe7 22. Qe4 Qf6 23. Ne5 Nxe5 24. dxe5 Qe7 25. Qxb7 Rb8 26. Qxa6 Rxb2 27. Rxc7 Rd1+ 28. Kh2 Qg5 29. Rc8+ Kh7 30. R1c4 1-0

[Event "Deloitte Touche Open"]
[Site "Jersey"]
[Date "1999.??.??"]
[Round "4"]
[White "Brameld, Arthur F"]
[Black "Corkett, Anthony"]
[Result "0-1"]
[WhiteElo "2115"]
[BlackElo "2255"]
[PlyCount "50"]
[EventDate "1999.??.??"]

1. d4 Nf6 2. Nf3 e6 3. Bg5 c5 4. c3 Qb6 5. Qb3 Qc7 6. e3 a6 7. a4 d6 8. Nbd2 Be7 9. Nc4 Nbd7 10. a5 O-O 11. Bf4 Nh5 12. Bg3 Rb8 13. Qc2 b5 14. axb6 Nxb6 15. Na5 f5 16. dxc5 Qxc5 17. Nd4 Bd7 18. Bxa6 e5 19. Nab3 Qc7 20. Nb5 Qc6 21. f3 {(Draw offer)} Nc4 22. Na5 Qxa6 23. Nc7 Qc8 24. Nd5 Bd8 25. b4 Be6 0-1

[Event "Deloitte Touche Open"]
[Site "Jersey"]
[Date "1999.??.??"]
[Round "7"]
[White "Brameld, Arthur F"]
[Black "Fulton, Anthony"]
[Result "1/2-1/2"]
[WhiteElo "2115"]
[BlackElo "2220"]
[PlyCount "24"]
[EventDate "1999.??.??"]

1. d4 Nf6 2. Nf3 e6 3. Bg5 c5 4. c3 Qb6 5. Qb3 Qc7 6. e3 a6 7. a4 d6 8. Nbd2 Nbd7 9. Bd3 Rb8 10. O-O d5 11. Bf4 Bd6 12. Bxd6 Qxd6 1/2-1/2

[Event "Soton Lge"]
[Site "?"]
[Date "1999.??.??"]
[Round "?"]
[White "Brameld, Arthur F"]
[Black "Cartridge, Stephen"]
[Result "1-0"]
[WhiteElo "2115"]
[BlackElo "1855"]
[PlyCount "59"]
[EventDate "1999.??.??"]

1. d4 d5 2. Nf3 Nc6 3. Bf4 e6 4. e3 Bd6 5. Bg3 Nf6 6. Nbd2 Bd7 7. c4 dxc4 8. Bxc4 a6 9. a3 O-O 10. Ne5 Qe7 11. O-O Bxe5 12. dxe5 Nd5 13. Ne4 Nb6 14. Bd3 Rad8 15. Qh5 g6 16. Qh6 Nxe5 17. Bxe5 f5 18. Ng5 Bc8 19. Bd4 Rd7 20. Rac1 Na4 21. Nxe6 Rxd4 22. Nxd4 Nxb2 23. Bb1 c5 24. Ba2+ Kh8 25. Nf3 b5 26. Ne5 Rf6 27. f4 Bb7 28. Rf2 c4 29. Rxb2 Qxa3 30. Rd1 1-0

[Event "Ports Lge"]
[Site "?"]
[Date "1999.??.??"]
[Round "?"]
[White "McDougall, William M"]
[Black "Brameld, Arthur F"]
[Result "1/2-1/2"]
[Annotator "Fritz 5.00 (30s)"]
[WhiteElo "2000"]
[BlackElo "2115"]
[PlyCount "61"]
[EventDate "1999.??.??"]

1. d4 Nc6 2. Nf3 d5 3. g3 Bg4 4. Bg2 Qd7 5. O-O O-O-O 6. a4 {out of book} h5 7. a5 f6 (7... Bxf3 8. Bxf3 h4 9. a6) 8. c3 (8. Nh4 a6) 8... e5 9. b4 a6 10. Na3 (10. b5 axb5 11. a6 bxa6 12. Rxa6 e4) 10... Bxf3 (10... e4 11. Ne1 Na7 12. f3 $15) 11. Bxf3 (11. exf3 Na7 $11) 11... h4 12. b5 hxg3 13. fxg3 Qh3 14. Rf2 axb5 15. e4 $14 (15. Nxb5 e4 16. Bh1 Bd6 17. Nxd6+ Rxd6) 15... f5 16. exd5 Nxd4 $2 $18 (16... Na7 $142 $1 $44) 17. cxd4 e4 $2 (17... Bxa3 $142 18. Rxa3 e4 $18) 18. Nxb5 Bd6 (18... exf3 19. a6 Kd7 20. axb7 $18 (20. Qxf3 bxa6 21. Qc3 Ne7 (21... axb5 $4 22. Qc6+ Kc8 23. Ra8#) 22. Qxc7+ Ke8 23. Rxa6 Rxd5 $18)) 19. Nxd6+ Rxd6 20. Bf4 Rd7 (20... exf3 21. Bxd6 cxd6 $18) 21. a6 bxa6 22. Rxa6 Kd8 23. Bg5+ (23. Qc1 Ke7 (23... exf3 $4 24. Ra8+ Ke7 25. Qe3+ Kf7 26. Qe6#) 24. Qc6) 23... Nf6 24. Bxf6+ gxf6 25. Ra8+ (25. Qa4 exf3 26. Qc6 Rd6 27. Ra8+ Ke7 28. Qxc7+ Rd7 29. d6+) 25... Ke7 26. Rxh8 Qxh8 27. Re2 (27. Bg2 $5 Rxd5 28. Qc2 Qd8 $18) 27... Rxd5 (27... Qg8 28. Bh5 $18) 28. Bxe4 $16 (28. g4 $142 Qh3 29. Bg2 $18) 28... fxe4 29. Rxe4+ Kf7 30. Qe2 Qd8 31. Qe3 {Sealed move.} 1/2-1/2

[Event "4NCL"]
[Site "?"]
[Date "1999.??.??"]
[Round "?"]
[White "Brameld, Arthur F"]
[Black "D'Costa, Lorin"]
[Result "0-1"]
[Annotator "A F BRAMELD"]
[WhiteElo "2115"]
[BlackElo "1976"]
[PlyCount "86"]
[EventDate "1999.??.??"]

1. Nc3 c5 2. Nf3 d6 3. d4 cxd4 4. Nxd4 g6 5. g3 Nc6 6. Bg2 Bd7 7. O-O Bg7 8. Be3 Nf6 9. h3 O-O 10. f4 {out of book} Qc8 11. Kh2 Na5 12. Qd3 Rb8 (12... Nc4 13. Bc1 $11) 13. Bg1 Rd8 14. b3 e5 15. Ndb5 Bxb5 $2 (15... exf4 $142 16. Nxd6 $2 Qxc3 $1) 16. Nxb5 exf4 17. gxf4 $11 (17. Bxa7 fxg3+ 18. Qxg3 Ne8 $11) 17... a6 18. Bb6 (18. Nxd6 $143 Qc7 19. Rad1 Bf8 $17) 18... axb5 19. Bxa5 b6 20. Bb4 Nd7 $6 $16 (20... d5 $5 $11) 21. Rad1 Nc5 22. Qxb5 Qf5 (22... Qe6 23. Rd5 $16) 23. e4 Qe6 24. Qc6 Rbc8 25. Qd5 Qxd5 26. Rxd5 Na6 27. Bxd6 Rxc2 28. a4 Rdc8 29. Kg3 Rb2 30. Rf3 (30. Rb5 h5 31. e5 h4+ 32. Kh2 Rcc2 $16) 30... Rcc2 31. Bf1 Nc5 $2 $18 (31... Bc3 $142 $5 32. f5 Rxb3 $16) 32. Bxc5 bxc5 (32... Rxc5 33. Rd8+ Bf8 34. Bc4 $18) 33. a5 $4 $14 (33. e5 $142 $18) 33... Ra2 $2 $18 (33... Bc3 $5 { ....Bxa5 and/or Be1+} 34. f5 Rxb3 $11 (34... Bxa5 35. fxg6)) 34. a6 (34. Rd8+ Bf8 $18) 34... Bd4 35. f5 g5 $2 (35... Kg7 $18) 36. Kg4 $6 (36. f6 $142 $1 h6 37. e5 Rd2 $18) 36... h6 (36... f6 37. Rd7 Rc1 38. Bc4+ Kf8 39. Rxh7 $18) 37. Bc4 $6 (37. f6 $142 $5 Rc1 $18) 37... Rg2+ 38. Kh5 {White threatens strongly f6} g4 $1 39. Rf4 $4 $19 (39. Rf1 $1 gxh3 40. Rd7 $16 (40. Kxh6 Be3+ 41. Kh5 h2 42. Rd8+ Kg7 43. f6+ Kh7 $19) (40. Rd8+ Kh7 41. Rd7 Rg5+ 42. Kh4 h2 43. Rxf7+ $11)) 39... gxh3 40. Rd8+ (40. Kxh6 $4 Bg7+ 41. Kh5 h2 42. Rh4 Bf6 $19) 40... Kh7 41. Rd7 h2 $1 42. Rxf7+ Bg7 43. Rf1 Rg1 0-1

[Event "4NCL"]
[Site "?"]
[Date "1999.??.??"]
[Round "?"]
[White "Twyble, Michael"]
[Black "Brameld, Arthur F"]
[Result "1/2-1/2"]
[Annotator "A F BRAMELD"]
[WhiteElo "2216"]
[BlackElo "2115"]
[PlyCount "37"]
[EventDate "1999.??.??"]

1. d4 Nc6 2. c4 e5 3. d5 Nce7 4. e4 Ng6 5. Nc3 Bc5 6. g3 d6 7. Bg2 Nf6 8. Nf3 Bd7 9. Qe2 c6 10. O-O cxd5 11. cxd5 b5 {out of book} 12. a3 $11 (12. Nxb5 Nxe4 13. b4 Bxb4 14. Qxe4 Bxb5 15. Qxb4 Bxf1 16. Bxf1 Rb8 17. Bb5+ Kf8 $16) 12... a6 13. b4 Ba7 14. Be3 Qb8 15. Nd2 O-O 16. h3 Rc8 17. Qd3 Bxe3 18. Qxe3 Qa7 19. Qxa7 $15 1/2-1/2

[Event "Robertson Plate Final"]
[Site "?"]
[Date "1999.??.??"]
[Round "?"]
[White "Brameld, Arthur F"]
[Black "Kinsler, Dave"]
[Result "1-0"]
[WhiteElo "2115"]
[BlackElo "1790"]
[PlyCount "61"]
[EventDate "1999.??.??"]

1. e4 c5 2. Nf3 Nc6 3. b4 cxb4 4. d4 d5 5. exd5 Qxd5 6. c4 Qe4+ 7. Be3 Bg4 8. Nbd2 Qf5 9. h3 Bxf3 10. Nxf3 e6 11. Bd3 Qa5 12. O-O Nf6 13. Qb3 Be7 14. Rfd1 O-O 15. d5 exd5 16. cxd5 Nb8 17. Bf4 Nbd7 18. d6 Bd8 19. Rac1 Bb6 20. Bb1 Nc5 21. Qc4 Ne6 22. Be5 Nd7 23. Bb2 g6 24. Rd5 Qa6 25. Qxb4 Rac8 26. Qd2 f6 27. Re1 Rce8 28. Qh6 Rf7 29. Bxg6 hxg6 30. Qxg6+ Kf8 31. Rh5 1-0

[Event "Cole Cup Final"]
[Site "?"]
[Date "1999.??.??"]
[Round "?"]
[White "Brameld, Arthur F"]
[Black "Cordner, David A"]
[Result "1/2-1/2"]
[WhiteElo "2115"]
[BlackElo "2050"]
[PlyCount "55"]
[EventDate "1999.??.??"]

1. d4 Nf6 2. Nf3 e6 3. Bg5 h6 4. Bh4 b6 5. e3 Bb7 6. Bd3 c5 7. c3 Be7 8. O-O cxd4 9. cxd4 Nc6 10. a3 d6 11. Bg3 Nh5 12. Nbd2 Nxg3 13. hxg3 Bf6 14. Ne4 Rc8 15. Rc1 O-O 16. Qe2 Qe7 17. Ba6 Bxa6 18. Qxa6 d5 19. Nxf6+ gxf6 20. Rc3 Qd7 21. Rfc1 Ne7 22. Qe2 Rxc3 23. Rxc3 Rc8 24. Qc2 Rxc3 25. Qxc3 Qc8 26. Qxc8+ Nxc8 27. Kf1 Nd6 28. Nd2 1/2-1/2

[Event "Politiken Cup, Copenhagen op 21"]
[Site "Copenhagen"]
[Date "1999.07.05"]
[Round "3"]
[White "Brameld, Arthur F"]
[Black "Mah, Karl"]
[Result "0-1"]
[WhiteElo "2109"]
[BlackElo "2316"]
[PlyCount "50"]
[EventDate "1999.07.03"]
[EventRounds "11"]

1. d4 d5 2. g3 Nf6 3. Bg2 c6 4. Nf3 Bg4 5. Ne5 Bf5 6. c4 e6 7. Qb3 Qc8 8. Nc3 Nbd7 9. Bf4 Be7 10. O-O (10. Rc1 $1 {Mah}) 10... Nxe5 11. Bxe5 O-O 12. Rac1 Qd7 13. Rfd1 Rfd8 14. cxd5 exd5 15. f3 Be6 16. Qa4 {Draw offer} Nh5 17. g4 $17 (17. e4 $5 f6 18. Bf4 Nxf4 19. gxf4 dxe4 20. fxe4 $15) 17... f6 18. gxh5 fxe5 19. dxe5 Bc5+ 20. Kh1 Be3 21. Ra1 d4 22. Ne4 Qe7 23. Rd3 b5 24. Qd1 $2 $19 (24. Qa3 Qc7 25. Rxe3 dxe3 26. f4 $15) 24... Bc4 25. Ra3 Qxe5 (25... Qxe5 26. Ra6 d3 27. exd3 Qxb2 $19) 0-1